[Event "Oviedo rapid"]
[Site "Oviedo"]
[Date "1993.??.??"]
[Round "10"]
[White "Atalik, Suat"]
[Black "Barlov, Dragan"]
[Result "1/2-1/2"]
[WhiteElo "2535"]
[BlackElo "2495"]

1.d4 Nf6 2.c4 e6 3.Nc3 Bb4 4.Qc2 O-O 5.a3 Bxc3+ 6.Qxc3 b6 7.Bg5 Bb7 8.e3 d6
9.f3 Nbd7 10.Nh3 h6 11.Bh4 c5 12.dxc5 bxc5 13.Be2 Re8 14.O-O a5 15.Rfd1 Qb6
16.Rd2 d5 17.Bf2 Bc6 18.b3 Reb8 19.Rb2  1/2-1/2

[Event "Oviedo rapid"]
[Site "Oviedo"]
[Date "1993.??.??"]
[Round "10"]
[White "Eslon, Jaan"]
[Black "Moulain, Jean Pierre"]
[Result "1-0"]
[WhiteElo "2440"]
[BlackElo "2220"]

1.d4 Nf6 2.c4 e6 3.Nc3 Bb4 4.Qc2 O-O 5.Nf3 c5 6.dxc5 Nc6 7.a3 Bxc5 8.Bg5 h6
9.Bh4 Be7 10.Rd1 a6 11.e3 b6 12.Be2 Bb7 13.O-O Rc8 14.Qb1 Na5 15.Nd2 d6 16.b4 Nc6
17.Bg3 Rc7 18.c5 Rd7 19.cxb6 Qxb6 20.Nc4 Qd8 21.Na4 Qc7 22.Nc5 Rdd8 23.Nxb7 Qxb7
24.Nxd6 Bxd6 25.Bxd6 Rfe8 26.Bc5 Nd5 27.Qc2 Rc8 28.Bf3 Ne5 29.Bxd5 exd5 30.Qe2 a5
31.Rb1 axb4 32.axb4 Re6 33.Bd4 Nc6 34.Rfd1 Nxb4 35.Qg4 f5 36.Rxb4 Qf7 37.Qg3 Rc2
38.Qb8+ Kh7 39.Rb7 Re7 40.Rxe7 Qxe7 41.h3 Rc6 42.Qe5 Qg5 43.Qxd5 Rg6 44.Qf3 Re6
45.Ra1 Re7 46.h4  1-0

[Event "Oviedo rapid"]
[Site "Oviedo"]
[Date "1993.??.??"]
[Round "12"]
[White "Sherbakov, Ruslan"]
[Black "Veingold, Aleksandr"]
[Result "1-0"]
[WhiteElo "2580"]
[BlackElo "2465"]

1.d4 Nf6 2.c4 e6 3.Nc3 Bb4 4.Qc2 O-O 5.a3 Bxc3+ 6.Qxc3 b6 7.Bg5 Bb7 8.e3 h6
9.Bh4 d6 10.f3 Nbd7 11.Nh3 c5 12.dxc5 bxc5 13.Nf2 a5 14.Be2 Ne4 15.Bxd8 Nxc3
16.Be7 Rfe8 17.Bxd6 Nxe2 18.Kxe2 e5 19.Rhd1 Rac8 20.a4 Rc6 21.Rd3 f5 22.e4 fxe4
23.Nxe4 Rb6 24.b3 Bxe4 25.fxe4 Rc6 26.Rad1 Nf6 27.Kf3 Kf7 28.g4 g5 29.h3 Ke6
30.Rd5 Nd7 31.Ke2 Ra8 32.Be7 Rc7 33.Bd6 Rc6  1-0

[Event "WchT U26"]
[Site "Paranana"]
[Date "1993.??.??"]
[Round "?"]
[White "Chabanon, Jean Luc"]
[Black "Zarnicki, Pablo"]
[Result "1/2-1/2"]
[WhiteElo "2415"]
[BlackElo "2455"]

1.c4 e6 2.Nc3 Bb4 3.Qc2 Nf6 4.d4 O-O 5.a3 Bxc3+ 6.Qxc3 b6 7.Bg5 Bb7 8.f3 h6
9.Bh4 d5 10.e3 Nbd7 11.Nh3 c5 12.dxc5 bxc5 13.Bd3 Ne4 14.Bxd8 Nxc3 15.Ba5 Na4
16.cxd5 exd5 17.Bb5 Nab6 18.Nf4 Ne5 19.Kf2 Nec4 20.Bc3 a6 21.Bxc4 Nxc4 22.Rhd1 Rad8
23.b3 Nxe3 24.Kxe3 d4+ 25.Kd2 dxc3+ 26.Kxc3 g5 27.Rxd8 Rxd8 28.Nd3 Rd5 29.Re1 Kf8
30.Re4 Bc6 31.a4 Rd6 32.Rc4 Bd5 33.Rxc5 Bxb3 34.Rc8+ Kg7 35.Nc5 Bd5 36.h3 h5
37.a5 g4  1/2-1/2

[Event "Paris-ch"]
[Site "Paris"]
[Date "1993.??.??"]
[Round "1"]
[White "Martine, Jean Christophe"]
[Black "Grimberg, Gilbert"]
[Result "0-1"]
[WhiteElo "2205"]
[BlackElo "2315"]

1.d4 Nf6 2.c4 e6 3.Nc3 Bb4 4.Qc2 O-O 5.Bg5 c5 6.e3 cxd4 7.exd4 Nc6 8.Nf3 d5
9.Rd1 h6 10.Bxf6 Qxf6 11.a3 Bxc3+ 12.Qxc3 Re8 13.Be2 dxc4 14.Qxc4 e5 15.d5 e4
16.Nd4 Ne5 17.Qb3 Nd3+ 18.Rxd3 exd3 19.Qxd3 Bg4 20.f3 Bh5 21.O-O Rad8 22.Nb5 Qxb2
23.Bd1 Bg6 24.Qc4 Rc8  0-1

[Event "Paris-ch"]
[Site "Paris"]
[Date "1993.??.??"]
[Round "5"]
[White "Elbilia, Jacques"]
[Black "Leroy, Adrien"]
[Result "0-1"]
[WhiteElo "2310"]
[BlackElo "2075"]

1.d4 Nf6 2.c4 e6 3.Nc3 Bb4 4.Qc2 O-O 5.a3 Bxc3+ 6.Qxc3 b6 7.Bg5 h6 8.Bh4 Bb7
9.e3 d6 10.f3 Nbd7 11.Bd3 c5 12.Ne2 cxd4 13.exd4 Qe7 14.b4 a5 15.O-O Rfc8
16.Rfe1 Ba6 17.Qb3 a4 18.Qa2 d5 19.b5 Bb7 20.Rac1 Qf8 21.Rc2 dxc4 22.Bxc4 Bd5
23.Rec1 Bxc4 24.Rxc4 Rxc4 25.Rxc4 Nd5 26.Bg3 g6 27.Qb2 Rc8 28.Rxa4 Ne3 29.Qd2 Nc4
30.Qc3 Na5 31.Qd3 Qd8 32.Rb4 Nf6 33.Rb1 Qd5 34.Qe3 Rc2 35.Re1 Qa2 36.Kf2 Nd5
37.Qxh6 Nc4 38.Bh4 Nb2 39.Rf1 Qc4 40.Kg1 Qxe2 41.Bf2 Nd3 42.Qh4 Nxf2  0-1

[Event "US op"]
[Site "Philadelphia"]
[Date "1993.??.??"]
[Round "?"]
[White "Hook, William"]
[Black "Benjamin, Dan"]
[Result "0-1"]
[WhiteElo "2205"]
[BlackElo "2290"]

1.d4 Nf6 2.c4 e6 3.Nc3 Bb4 4.Qc2 O-O 5.Nf3 c5 6.e3 cxd4 7.Nxd4 b6 8.Be2 Bb7
9.O-O a6 10.Rd1 Qc7 11.Bd2 Be7 12.Rac1 d6 13.b3 Nbd7 14.Qb2 Rfc8 15.Be1 Qb8
16.f3 Bd8 17.Bf1 Bc7 18.h3 d5 19.cxd5 exd5 20.Bd3 Re8 21.Qd2 b5 22.Nce2 Bb6
23.Bf2 g6 24.g4 Qe5 25.Kg2 h5 26.Ng3 hxg4 27.hxg4 Nc5 28.Bb1 Rac8 29.Nge2 Kg7
30.Rh1 Rh8 31.Bg3 Qe7 32.Nf4 Rce8 33.b4 Rxh1 34.Rxh1 Na4 35.Bf2 Bc7 36.Nde6+ fxe6
37.Nxg6 Qf7 38.e4 Nxg4 39.fxg4 Qxg6 40.e5 d4+ 41.Kh3 Rh8+ 42.Bh4 Qh6  0-1

[Event "Podgorica"]
[Site "Podgorica"]
[Date "1993.??.??"]
[Round "11"]
[White "Levin, Felix"]
[Black "Abramovic, Bosko"]
[Result "1/2-1/2"]
[WhiteElo "2505"]
[BlackElo "2475"]

1.d4 Nf6 2.c4 e6 3.Nc3 Bb4 4.Qc2 O-O 5.a3 Bxc3+ 6.Qxc3 b6 7.Nf3 Bb7 8.g3 d6
9.Bg2 Nbd7 10.O-O c5 11.b4 Qe7 12.Bb2 Rac8 13.dxc5 bxc5 14.b5 d5 15.e3 Nb6
16.cxd5 exd5 17.a4 Rfd8 18.Qe5  1/2-1/2

[Event "Podgorica"]
[Site "Podgorica"]
[Date "1993.??.??"]
[Round "12"]
[White "Drasko, Milan"]
[Black "Levin, Felix"]
[Result "1/2-1/2"]
[WhiteElo "2475"]
[BlackElo "2505"]

1.d4 Nf6 2.c4 e6 3.Nc3 Bb4 4.Qc2 O-O 5.a3 Bxc3+ 6.Qxc3 b6 7.Bg5 Bb7 8.e3 d6
9.f3 c5 10.dxc5 bxc5 11.Nh3 Nbd7 12.Be2 a5 13.O-O h6 14.Bh4 a4 15.Rfd1 Ra6
16.Bf2 Qb8 17.Nf4 Rb6 18.Rd2 Rc8 19.Bd1 Bc6 20.Rb1 Qc7 21.Bg3 e5 22.Ne2 Nf8
23.Qc1 Ra8 24.Nc3 Qe7 25.Bc2 Rba6 26.Qd1 Be8 27.Qe2 Ne6 28.Rbd1  1/2-1/2

[Event "Rubinstein mem"]
[Site "Polanica Zdroj"]
[Date "1993.??.??"]
[Round "4"]
[White "Dorfman, Josif D"]
[Black "Romanishin, Oleg M"]
[Result "1/2-1/2"]
[WhiteElo "2555"]
[BlackElo "2615"]

1.d4 Nf6 2.c4 e6 3.Nc3 Bb4 4.Qc2 O-O 5.a3 Bxc3+ 6.Qxc3 Ne4 7.Qc2 f5 8.e3 c5
9.Nf3 b6 10.Bd3 Bb7 11.O-O Nc6 12.Rd1 Ne7 13.b4 cxb4 14.axb4 b5 15.cxb5 Rc8
16.Qb2 Nc3 17.Rf1 Bxf3 18.gxf3 Ned5 19.e4 fxe4 20.fxe4 Nf4 21.Bxf4 Rxf4 22.f3  1/2-1/2

[Event "RL-chB"]
[Site "Polch"]
[Date "1993.??.??"]
[Round "?"]
[White "Kammers, Heribert"]
[Black "Stewart, Neil"]
[Result "1/2-1/2"]
[WhiteElo "1880"]
[BlackElo "2085"]

1.d4 Nf6 2.c4 e6 3.Nc3 Bb4 4.Qc2 O-O 5.a3 Bxc3+ 6.Qxc3 Ne8 7.Nf3 d6 8.g3 b6
9.Bg2 Bb7 10.O-O Nd7 11.b4  1/2-1/2

[Event "Police op"]
[Site "Police"]
[Date "1993.??.??"]
[Round "5"]
[White "Urban, Klaudiusz"]
[Black "Jaracz, Pawel"]
[Result "1/2-1/2"]
[WhiteElo "2450"]
[BlackElo "2355"]

1.d4 Nf6 2.c4 e6 3.Nc3 Bb4 4.Qc2 O-O 5.g3 c5 6.dxc5 Bxc5 7.Bg2 Nc6 8.Nf3 d5
9.cxd5 exd5 10.O-O h6 11.Bf4 Be6 12.Nb5 Qb6 13.Nc7 Rac8 14.Nxe6 fxe6 15.Qb3 Qxb3
16.axb3  1/2-1/2

[Event "Porz op29"]
[Site "Porz"]
[Date "1993.??.??"]
[Round "9"]
[White "Jansen, Josef"]
[Black "Morawietz, Dieter"]
[Result "0-1"]
[WhiteElo "2000"]
[BlackElo "2385"]

1.d4 Nf6 2.c4 e6 3.Nc3 Bb4 4.Qc2 O-O 5.Nf3 b6 6.a3 Bxc3+ 7.Qxc3 Bb7 8.g3 c5
9.dxc5 bxc5 10.Bg5 Nc6 11.Bxf6 Qxf6 12.Qxf6 gxf6 13.e4 f5 14.Bd3 fxe4 15.Bxe4 f5
16.Bxc6 Bxc6 17.Ke2 Rab8 18.Ra2 Bxf3+ 19.Kxf3 Rb3+ 20.Kg2 Kf7 21.Rd1 Ke7
22.f4 Rfb8 23.Rd2 R8b6 24.Kf2 Rd6 25.Rc2 Rd1 26.Kg2 Kd6 27.Kf2 Kc6 28.Kg2 a5
29.Kh3 a4 30.Kh4 Rbd3 31.Kg5 R3d2 32.b4 Rxc2 33.Rxc2 cxb4 34.axb4 Rb1 35.b5+ Kc5
36.Ra2 Rb4 37.Rd2 Kxc4 38.Rxd7 Rxb5 39.Rxh7 a3 40.Kf6 Kb4 41.Ra7 Ra5 42.Rb7+ Kc3
43.Rb1 a2 44.Rc1+ Kb2 45.Re1 a1=Q 46.Rxa1 Rxa1 47.Kxe6 Ra5 48.h3 Kc3 49.g4 Kd4
50.gxf5 Ra6+ 51.Ke7 Kd5 52.h4 Ra7+ 53.Kf6 Rh7 54.h5 Rxh5 55.Kg6 Rh4 56.Kg5 Rh1
57.Kf6 Kd6 58.Kg7 Rf1  0-1

[Event "Ptuj-B"]
[Site "Ptuj"]
[Date "1993.??.??"]
[Round "8"]
[White "Brglez, Rado"]
[Black "Zsinka, Laszlo"]
[Result "1-0"]
[WhiteElo "2310"]
[BlackElo "2325"]

1.d4 Nf6 2.c4 e6 3.Nc3 Bb4 4.Qc2 O-O 5.Nf3 c5 6.dxc5 Na6 7.g3 Nxc5 8.Bg2 Nce4
9.Bd2 Bxc3 10.Bxc3 Nxc3 11.Qxc3 Qc7 12.O-O b6 13.Nd4 Bb7 14.Nb5 Qb8 15.Bxb7 Qxb7
16.Nd6 Qc6 17.Rfd1 Ne8 18.Qb4 a5 19.Qb5 Nc7 20.Qe5 a4 21.b4 axb3 22.axb3 f6
23.Qd4 e5 24.Qd3 Rxa1 25.Rxa1 g6 26.h4 f5 27.Ra7 Ne6 28.Qd5 Qxd5 29.cxd5 Nd4
30.Rxd7 Nxe2+ 31.Kf1 Nd4 32.Rb7 Ra8 33.Kg2 e4 34.g4 fxg4 35.Nxe4 Nxb3 36.Nf6+ Kf8
37.Nxh7+ Ke8 38.Nf6+ Kd8 39.d6 Ra2 40.Rb8+  1-0

[Event "ISD-FRA"]
[Site "Reykjavik"]
[Date "1993.??.??"]
[Round "2"]
[White "Kouatly, Bachar"]
[Black "Stefansson, Hannes"]
[Result "1/2-1/2"]
[WhiteElo "2505"]
[BlackElo "2495"]

1.d4 Nf6 2.c4 e6 3.Nc3 Bb4 4.Qc2 O-O 5.a3 Bxc3+ 6.Qxc3 b6 7.Bg5 Bb7 8.f3 h6
9.Bh4 d5 10.cxd5 exd5 11.e3 Re8 12.Be2 Nbd7 13.Nh3 c5 14.O-O Qe7 15.Bf2 Rac8
16.dxc5 Nxc5 17.Bb5 Nce4 18.Qd3 Nxf2 19.Nxf2 Bc6 20.Ba6 Bb7 21.Bb5 Bc6 22.Ba6  1/2-1/2

[Event "ISD-FRA"]
[Site "Reykjavik"]
[Date "1993.??.??"]
[Round "2"]
[White "Chabanon, Jean Luc"]
[Black "Petursson, Margeir"]
[Result "1/2-1/2"]
[WhiteElo "2425"]
[BlackElo "2560"]

1.d4 Nf6 2.c4 e6 3.Nc3 Bb4 4.Qc2 O-O 5.a3 Bxc3+ 6.Qxc3 b6 7.Bg5 Bb7 8.f3 d5
9.e3 Nbd7 10.cxd5 exd5 11.Bd3 Re8 12.Ne2 c5 13.O-O Rc8 14.Bf5 Rc6 15.dxc5 bxc5
16.Rfd1 Nb6 17.b4 cxb4 18.Qxb4 h6 19.Bf4 Nh5 20.Bd3 Nxf4 21.Nxf4 Rc7 22.Qd4 Qg5
23.Rac1 Nc4 24.Bxc4 dxc4 25.Rxc4 Rxc4 26.Qxc4 Rxe3 27.Qc7 Re7 28.Rd8+ Kh7
29.Qc2+ Be4 30.Qd2 Qc5+ 31.Rd4 Bc6 32.Qb4 Qc1+ 33.Kf2 Qe3+ 34.Kg3 Re5 35.h4 a5
36.Qd2 Qxd2  1/2-1/2

[Event "ROM-chT"]
[Site "ROM"]
[Date "1993.??.??"]
[Round "5"]
[White "Ignatescu, Radu"]
[Black "Anapolsky, Sergey"]
[Result "0-1"]
[WhiteElo "2345"]
[BlackElo "2385"]

1.d4 e6 2.c4 Nf6 3.Nc3 Bb4 4.Qc2 O-O 5.a3 Bxc3+ 6.Qxc3 b6 7.Nh3 Bb7 8.f3 d5
9.cxd5 exd5 10.e3 Re8 11.Bd3 c5 12.O-O c4 13.Bc2 Nc6 14.b4 cxb3 15.Bxb3 Na5
16.Bd2 Ba6 17.Rfe1 Qd7 18.Nf4 Nxb3 19.Qxb3 Bc4 20.Qb1 Rac8 21.Nd3 Bxd3 22.Qxd3 Qa4
23.Rec1 Rc4 24.Rc3 b5 25.Rac1 g6 26.Qc2 Qa6 27.Rb1 Rec8 28.Rxc4 bxc4 29.Qb2 Qc6
30.Bc3 Qe6 31.Qd2 Re8 32.Kf2 Qf5 33.Qc1 Ne4+  0-1

[Event "Rostov op"]
[Site "Rostov"]
[Date "1993.??.??"]
[Round "?"]
[White "Doroshkievich, Vladimir K"]
[Black "Lerner, Konstantin Z"]
[Result "1/2-1/2"]
[WhiteElo "2425"]
[BlackElo "2530"]

1.d4 Nf6 2.c4 e6 3.Nc3 Bb4 4.Qc2 O-O 5.Bg5 h6 6.Bh4 c5 7.e3 cxd4 8.exd4 Nc6
9.Nf3 d5 10.a3 Be7 11.Rd1 b6 12.cxd5 Nxd5 13.Bb5 Nxc3 14.Bxc6 Bxh4 15.Qxc3 Rb8
16.Nxh4 Qxh4 17.O-O Bb7  1/2-1/2

[Event "San Sebastian op"]
[Site "San Sebastian"]
[Date "1993.??.??"]
[Round "?"]
[White "Mellado Trivino, Juan"]
[Black "Mitkov, Nikola"]
[Result "1-0"]
[WhiteElo "2410"]
[BlackElo "2505"]

1.d4 Nf6 2.c4 e6 3.Nc3 Bb4 4.Qc2 O-O 5.a3 Bxc3+ 6.Qxc3 b6 7.Bg5 c5 8.e3 Nc6
9.Nf3 Bb7 10.dxc5 bxc5 11.Bd3 Rc8 12.O-O h6 13.Bh4 Qe7 14.Rfd1 d6 15.Rd2 Rcd8
16.Rad1 g5 17.Bg3 Nh5 18.b4 Nxg3 19.hxg3 Nb8 20.Bc2 cxb4 21.axb4 f5 22.c5 dxc5
23.Rxd8 Rxd8 24.Rxd8+ Qxd8 25.Qxc5 Qc8 26.Qxa7 Nc6 27.Qb6 Nxb4 28.Bxf5 exf5
29.Qg6+ Kf8 30.Qd6+ Kg8 31.Ne5 Qe8 32.Qxb4 Qxe5 33.Qxb7 Qa5 34.Kh2 Qc5 35.Qd7 g4
36.e4 fxe4 37.Qxg4+ Kh8 38.Qg6 Qxf2 39.Qxh6+ Kg8 40.Qg6+ Kh8 41.Qxe4 Qb2
42.Qe7 Qb8 43.Kh3 Qb3 44.Kh4 Qc2 45.Qe5+ Kg8 46.Qd5+ Kh8 47.g4 Qf2+ 48.Kg5 Qe3+
49.Kf5 Qa7 50.g5 Qf7+ 51.Ke4 Qg6+ 52.Kd4 Qb6+ 53.Ke5 Qb8+ 54.Qd6 Qb2+ 55.Qd4 Qb7
56.Kf5+ Kg8 57.g6 Qb5+ 58.Qe5 Qd3+ 59.Kg5 Qd8+ 60.Kh5 Qd1+ 61.g4 Qh1+ 62.Kg5 Qc1+
63.Qf4 Qxf4+ 64.Kxf4 Kg7 65.Kg5 Kg8 66.Kf6 Kh8 67.g5 Kg8 68.g7 Kh7 69.g8=Q+ Kxg8
70.Kg6  1-0

[Event "Sochi"]
[Site "Sochi"]
[Date "1993.??.??"]
[Round "?"]
[White "Doroshkievich, Vladimir K"]
[Black "Brodsky, Michail"]
[Result "1/2-1/2"]
[WhiteElo "2405"]
[BlackElo "2515"]

1.d4 Nf6 2.c4 e6 3.Nc3 Bb4 4.Qc2 O-O 5.Nf3 c5 6.dxc5 Na6 7.Bd2 Nxc5 8.Rd1 a5
9.e3 Qe7 10.Be2 b6 11.O-O Bb7 12.Nd4 Rfc8 13.Ndb5 d5 14.a3 Bxc3 15.Nxc3 Bc6
16.Qb1 dxc4 17.Bxc4 Qb7 18.f3 b5 19.Be2 Nb3 20.Be1 b4 21.Na2 Nd5 22.Bf2 Ba4
23.Bd3 h6 24.Bc2 Rab8 25.axb4 axb4 26.Nc1 Nc5 27.Bxa4 Nxa4 28.Nb3 Ndb6 29.Rd2 Qa6
30.Rc1 Rxc1+ 31.Qxc1 Rc8 32.Rc2 Rxc2 33.Qxc2 Qc4 34.Nd4 Qxc2 35.Nxc2 b3 36.Nd4 Nc5
37.e4 Nba4 38.Ne2 Nd3 39.Nd4 Nac5 40.Nc6 Nxf2 41.Kxf2 Nd3+ 42.Ke2 Nxb2 43.Nd4  1/2-1/2

[Event "Sochi"]
[Site "Sochi"]
[Date "1993.??.??"]
[Round "?"]
[White "Obukhov, Alexander"]
[Black "Aseev, Konstantin N"]
[Result "0-1"]
[WhiteElo "2490"]
[BlackElo "2490"]

1.d4 Nf6 2.c4 e6 3.Nc3 Bb4 4.Qc2 O-O 5.a3 Bxc3+ 6.Qxc3 b6 7.Bg5 c5 8.dxc5 bxc5
9.e3 a5 10.Nf3 d6 11.Rd1 Ra6 12.Bd3 Nbd7 13.O-O Bb7 14.Nd2 h6 15.Bh4 Qa8
16.f3 Rb8 17.a4 Bc6 18.b3 Qb7 19.Bg3 Ne8 20.Bc2 Ndf6 21.Nb1 Qe7 22.Qd3 Rd8
23.Nc3 Bb7 24.e4 Raa8 25.Rd2 e5 26.f4 Nh5 27.Nd5 Bxd5 28.exd5 e4 29.Qxe4 Qxe4
30.Bxe4 Nxg3 31.hxg3 Nf6 32.Bf3 Re8 33.Rd3 h5 34.Kh2 g6 35.Kh3 Kg7 36.g4 hxg4+
37.Bxg4 Rh8+ 38.Kg3 Ne4+ 39.Kf3 f5 40.Bh3 Rae8 41.Re1 Re7 42.Rde3 Kf6 43.Rd3 Rhe8
44.Red1 g5 45.fxg5+ Nxg5+ 46.Kf2 Re2+ 47.Kg1 R8e3 48.Kf1 Ne4 49.g4 f4 50.Kg1 f3
51.Bf1 Kg5 52.Rxe3 Rxe3 53.Bd3 Kxg4 54.Bxe4 Rxe4 55.Kh1  0-1

[Event "Stockholm op"]
[Site "Stockholm"]
[Date "1993.??.??"]
[Round "?"]
[White "Dzevlan, Miralem"]
[Black "Bator, Robert"]
[Result "0-1"]
[WhiteElo "2395"]
[BlackElo "2380"]

1.d4 Nf6 2.c4 e6 3.Nc3 Bb4 4.Qc2 O-O 5.a3 Bxc3+ 6.Qxc3 b6 7.Bg5 Bb7 8.e3 h6
9.Bh4 d6 10.f3 Nbd7 11.Bd3 c5 12.Ne2 Rc8 13.Qd2 Re8 14.O-O cxd4 15.exd4 d5
16.cxd5 Bxd5 17.Ba6 Rb8 18.Bb5 Re7 19.Nc3 Bb7 20.Rad1 a6 21.Bd3 Re8 22.a4 Qe7
23.Ne2 Qf8 24.Be1 Nd5 25.Nc3 Rbc8 26.Ne4 f5 27.Nc3 N7f6 28.Nxd5 Nxd5 29.b3 Qf6
30.Bc4 Red8 31.Bg3 b5 32.axb5 axb5 33.Bxd5 Bxd5 34.Qb4 f4 35.Bf2 Qg6 36.Kh1 Qh5
37.Qxb5 Rb8 38.Qa5 Bxf3 39.Qxh5 Bxh5 40.Rb1 Rb4 41.Rfc1 Bg6 42.Rb2 Rdb8 43.Rc3 Be4
44.h3 Bd5 45.Kh2 R8b7 46.Rd3 Bxb3 47.Be1 R4b5 48.g3 fxg3+ 49.Bxg3 Bd5 50.Rxb5 Rxb5
51.Rd2 Rb1 52.Be5 Kf7 53.Kg3 Rb3+ 54.Kh2 g5 55.Re2 Kg6 56.h4 Kf5 57.hxg5 hxg5  0-1

[Event "Rilton Cup op9394"]
[Site "Stockholm"]
[Date "1993.??.??"]
[Round "2"]
[White "Sjoberg, Mats"]
[Black "Jepson, Christian"]
[Result "1/2-1/2"]
[WhiteElo "2475"]
[BlackElo "2295"]

1.d4 Nf6 2.c4 e6 3.Nc3 Bb4 4.Qc2 O-O 5.a3 Bxc3+ 6.Qxc3 b5 7.cxb5 c6 8.Bg5 cxb5
9.e3 Bb7 10.Nf3 a6 11.Bd3 h6 12.Bh4 d6 13.Rc1 Nc6 14.O-O Rc8 15.Qd2 g5 16.Bg3 Nh5
17.d5 Nxg3 18.hxg3 Ne5 19.Nxe5 Rxc1 20.Rxc1 dxe5 21.dxe6 e4 22.e7 Qxe7 23.Be2 Rd8
24.Qc3 Rc8 25.Qd2 Rxc1+ 26.Qxc1 Qe5 27.Qd2 Kg7  1/2-1/2

[Event "Rilton Cup op9394"]
[Site "Stockholm"]
[Date "1993.??.??"]
[Round "6"]
[White "Sjoberg, Mats"]
[Black "Engqvist, Thomas"]
[Result "1/2-1/2"]
[WhiteElo "2475"]
[BlackElo "2420"]

1.c4 Nf6 2.d4 e6 3.Nc3 Bb4 4.Qc2 O-O 5.a3 Bxc3+ 6.Qxc3 b6 7.Nf3 Bb7 8.g3 d6
9.Bg2 Nbd7 10.O-O Be4 11.b4 c6 12.Bh3 Bxf3 13.Qxf3 d5 14.c5 bxc5 15.bxc5 e5
16.Bg5 Qe8 17.Bxf6 Nxf6 18.e3 Ne4 19.Qd1 Rb8 20.Bf5 exd4 21.Qxd4 Ng5 22.Qf4 Ne4
23.Bxe4 Qxe4 24.Qxe4 dxe4 25.Rfd1 Rfd8 26.Rxd8+ Rxd8 27.Rb1 Kf8 28.Rb7 Rd5
29.Rxa7 Rxc5 30.a4 Rc1+ 31.Kg2 Ra1 32.a5 Ra2 33.g4 g5 34.Kg3 h6 35.Rc7 Rxa5
36.Rxc6 Kg7 37.h4 Re5 38.Rb6 Re7 39.Ra6 Re5 40.Rb6 Re8 41.Rc6 Re5 42.h5 Re7
43.Kg2 Re5 44.Kf1 Re6 45.Rc4 Kf6 46.Ke2 Ke5 47.Rc5+ Kf6 48.Rf5+ Kg7 49.Kd2 Ra6
50.Re5 Ra2+ 51.Ke1 Ra4 52.Kf1  1/2-1/2

[Event "Rilton Cup op9394"]
[Site "Stockholm"]
[Date "1993.??.??"]
[Round "7"]
[White "Dzevlan, Miralem"]
[Black "Sjoberg, Mats"]
[Result "1/2-1/2"]
[WhiteElo "2395"]
[BlackElo "2475"]

1.d4 Nf6 2.c4 e6 3.Nc3 Bb4 4.Qc2 O-O 5.a3 Bxc3+ 6.Qxc3 Qe8 7.g3 d6 8.Nf3 a5
9.b3 a4 10.b4 b5 11.Bg2 bxc4 12.Qxc4 Ra7 13.O-O Nd5 14.Qc2 f5 15.e4 fxe4
16.Qxe4 Nd7 17.Re1 N7f6 18.Qe2 c6 19.Qc2 Qh5 20.h3 Bd7 21.Bd2 Raa8 22.Ng5 Qe8
23.b5 Rc8 24.bxc6 Rxc6 25.Qd3 Qc8 26.h4 h6 27.Ne4 Rb6 28.Rab1 Rxb1 29.Rxb1 Qc7
30.Nxf6+ Rxf6 31.Be4 Rf8 32.Qa6 Bc6 33.Qe2 Ba8  1/2-1/2

[Event "Rilton Cup op9394"]
[Site "Stockholm"]
[Date "1993.??.??"]
[Round "8"]
[White "Sjoberg, Mats"]
[Black "Lindberg, Bengt"]
[Result "1-0"]
[WhiteElo "2475"]
[BlackElo "2335"]

1.d4 Nf6 2.c4 e6 3.Nc3 Bb4 4.Qc2 O-O 5.a3 Bxc3+ 6.Qxc3 Qe8 7.f3 d6 8.Bg5 Nfd7
9.e4 e5 10.d5 a5 11.b4 axb4 12.axb4 Rxa1+ 13.Qxa1 f5 14.exf5 e4 15.f4 Na6
16.Qa3 h6 17.Bh4 Rxf5 18.Nh3 g5 19.Bg3 gxf4 20.Bxf4 Ne5 21.Qg3+ Kh7 22.Bxe5 Qxe5
23.Qxe5 Rxe5 24.b5 Nb8 25.Nf4 c6 26.dxc6 bxc6 27.Be2 cxb5 28.cxb5 Bd7 29.O-O Rc5
30.Rd1 Kg7 31.Rxd6 Rf5 32.g3 e3 33.Rg6+ Kf7 34.Rb6  1-0

[Event "SWE-chT 9394"]
[Site "SWE"]
[Date "1993.??.??"]
[Round "1"]
[White "Sjoberg, Mats"]
[Black "Sandstrom, Ludvig"]
[Result "1-0"]
[WhiteElo "2475"]
[BlackElo "2295"]

1.d4 Nf6 2.c4 e6 3.Nc3 Bb4 4.Qc2 O-O 5.a3 Bxc3+ 6.Qxc3 b5 7.cxb5 c6 8.Bg5 cxb5
9.e3 Bb7 10.Nf3 a6 11.Bd3 Qc8 12.Bxf6 Qxc3+ 13.bxc3 gxf6 14.a4 bxa4 15.Rxa4 a5
16.Bb5 d5 17.Kd2 Bc6 18.Rb1 Bxb5 19.Rxb5 Nc6 20.Rc5 Ra6 21.Kc2 Rb8 22.Nd2 Kf8
23.e4 dxe4 24.Nxe4 Ke7 25.Nd2 Rg8 26.g3 Rg5 27.Ne4 Rxc5 28.Nxc5 Rb6 29.Ra3 f5
30.Nb3 Ra6 31.c4 Kd6 32.Kc3 Ra8 33.Ra1 Ra7 34.f4 Ra8 35.Ra3 Ra7 36.Nc5 Ne7
37.Rxa5 Rxa5 38.Nb7+ Kc6 39.Nxa5+ Kb6 40.Kb4 h5 41.Nb3 Kc6 42.Nd2 Kb6 43.Nf3 f6
44.Ne1 Kc6 45.Nc2 Kb6 46.c5+ Kc7 47.Ne3 Kb7 48.Kc4 Kc6 49.h4 Kd7 50.d5  1-0

[Event "SWE-chT 9394"]
[Site "SWE"]
[Date "1993.??.??"]
[Round "2"]
[White "Wiedenkeller, Michael"]
[Black "Hellsten, Johan"]
[Result "1-0"]
[WhiteElo "2450"]
[BlackElo "2315"]

1.d4 Nf6 2.c4 e6 3.Nc3 Bb4 4.Qc2 O-O 5.a3 Bxc3+ 6.Qxc3 b6 7.Bg5 Bb7 8.e3 h6
9.Bh4 d6 10.f3 Nbd7 11.Nh3 c5 12.dxc5 bxc5 13.Be2 a5 14.O-O Qb8 15.Rad1 Rc8
16.Rd2 Rc6 17.Bg3 Rb6 18.Rfd1 Ne8 19.Bd3 a4 20.Bc2 Raa6 21.Nf2 Ndf6 22.h3 Qc7
23.Rb1 Nd7 24.Qd3 Nf8 25.Nd1 Bc8 26.Nc3 Bd7 27.Qe2 Kh8 28.Qd1 Qa7 29.Ne4 Qc7
30.Nc3 Qa7 31.Nb5 Bxb5 32.cxb5 Ra5 33.Bxd6 Nxd6 34.Rxd6 Raxb5 35.Rd8 Rb8
36.Rxf8+  1-0

[Event "SWZ-chT"]
[Site "?"]
[Date "1993.??.??"]
[Round "?"]
[White "Hort, Vlastimil"]
[Black "Nemet, Ivan"]
[Result "1/2-1/2"]
[WhiteElo "2545"]
[BlackElo "2415"]

1.d4 Nf6 2.c4 e6 3.Nc3 Bb4 4.Qc2 O-O 5.Bg5 c5 6.e3 h6 7.Bh4 d5 8.a3 cxd4
9.axb4 dxc3 10.bxc3 dxc4 11.Bxc4 Qc7 12.Bb3 Nbd7 13.Ne2 b6 14.Bg3 e5 15.f3 a5
16.Kf2 Qc6 17.Rhd1 Ba6 18.Bh4 Bc4 19.bxa5 Bxb3 20.Qxb3 bxa5 21.Bxf6 Nxf6
22.Qa4 Qc7 23.h3 Rfc8 24.Rab1 Ra7 25.Rb5 Nd7 26.Rdb1 Nc5 27.Qc4 a4 28.Rd1 a3
29.Nc1 Qe7 30.Nb3 Qe6 31.Qxe6 Nxe6 32.Rc1 a2 33.Ke2 Nc5 34.Na1 e4 35.Rc2 f5
36.Rb4 Kf7 37.Rb5 Rcc7 38.Kd1 g6 39.Rb4 Ra3 40.Rc4 Ke6 41.Rd2 Ra5 42.Rb2 Na4
43.Rxc7 Nxb2+ 44.Kc2 Nd3 45.fxe4 fxe4 46.Kb3 h5 47.Rc6+ Kf5 48.c4 h4 49.Rb6 g5
50.Rb5+ Rxb5+ 51.cxb5 Ke5 52.Kxa2 Ne1 53.b6 Kd6 54.Nb3 Nxg2 55.Nc5 Nxe3 56.Nxe4+ Kc6
57.Nxg5 Kxb6  1/2-1/2

[Event "Werfen op"]
[Site "Werfen"]
[Date "1993.??.??"]
[Round "2"]
[White "Lazarev, Vladimir"]
[Black "Zoister, Stefan"]
[Result "1-0"]
[WhiteElo "2440"]
[BlackElo "2070"]

1.d4 Nf6 2.c4 e6 3.Nc3 Bb4 4.Qc2 O-O 5.a3 Bxc3+ 6.Qxc3 b5 7.cxb5 c6 8.bxc6 Nxc6
9.b4 Nd5 10.Qd3 f5 11.Nf3 a5 12.b5 Ncb4 13.axb4 Nxb4 14.Qb3 Qc7 15.Kd1 Bb7
16.Bd2 Be4 17.Rc1 Qb7 18.Ne1 Bd5 19.Qa4 Rfc8 20.Rxc8+ Qxc8 21.e3  1-0

[Event "Wiesbaden op"]
[Site "Wiesbaden"]
[Date "1993.??.??"]
[Round "8"]
[White "Schwarz, Peter"]
[Black "Lobron, Eric"]
[Result "0-1"]
[WhiteElo "2305"]
[BlackElo "2575"]

1.d4 Nf6 2.c4 e6 3.Nc3 Bb4 4.Qc2 O-O 5.a3 Bxc3+ 6.Qxc3 b6 7.Nf3 Bb7 8.g3 a5
9.b3 c5 10.Bg2 d5 11.Bb2 Nbd7 12.O-O Rc8 13.Rac1 Qe7 14.Rfd1 h6 15.Qc2 Rfd8
16.a4 dxc4 17.bxc4 cxd4 18.Nxd4 Bxg2 19.Kxg2 Nc5 20.Nb5 Rxd1 21.Rxd1 Rd8
22.f3 Rxd1 23.Qxd1 e5 24.e4 Qd7 25.Qxd7 Nfxd7 26.Nc3 Nb3 27.Nd5 f6 28.Ba3 Nd2
29.Ne3 Nb1 30.Bd6 Nc3 31.Nd5 Nxa4 32.Bc7 Nb2 33.c5 Nxc5 34.Bxb6 Nb3 35.Nc3 a4
36.Na2 h5 37.Bc7 Nc4 38.h3 Nd4 39.Kf2 Nb5 40.Bb8 Nb6  0-1

[Event "SWZ-GP Wohlen"]
[Site "Wohlen"]
[Date "1993.??.??"]
[Round "1"]
[White "Baburin, Alexander"]
[Black "Wirthensohn, Heinz"]
[Result "1-0"]
[WhiteElo "2550"]
[BlackElo "2400"]

1.d4 Nf6 2.c4 e6 3.Nc3 Bb4 4.Qc2 O-O 5.a3 Bxc3+ 6.Qxc3 b6 7.Bg5 Ba6 8.e3 d6
9.Bd3 Nbd7 10.Ne2 c5 11.b4 h6 12.Bh4 cxd4 13.exd4 Rc8 14.Qb3 e5 15.b5 Bb7
16.O-O exd4 17.Nxd4 d5 18.Nf5 Rc5 19.Bc2 Ne5 20.Qg3 Ng6 21.Rfe1 Qc7 22.Nxh6+ gxh6
23.Bxf6 Qxg3 24.hxg3 Rxc4 25.Bd3 Rcc8 26.Bd4 Rfe8 27.f3 Nf8 28.Kf2 Rxe1 29.Rxe1 Ne6
30.Bf6 d4 31.Rh1 Rc3 32.Rxh6 Ng7 33.Bh7+ Kf8 34.Be4  1-0

[Event "Zagreb Vukovar"]
[Site "Zagreb"]
[Date "1993.??.??"]
[Round "2"]
[White "Chabanon, Jean Luc"]
[Black "Cebalo, Miso"]
[Result "0-1"]
[WhiteElo "2425"]
[BlackElo "2485"]

1.d4 Nf6 2.c4 e6 3.Nc3 Bb4 4.Qc2 O-O 5.a3 Bxc3+ 6.Qxc3 Ne4 7.Qc2 f5 8.Nf3 b6
9.b3 Bb7 10.Bb2 d6 11.e3 Nd7 12.Bd3 Qe8 13.O-O-O a5 14.Ne1 c5 15.f3 Nef6
16.g4 fxg4 17.Rg1 e5 18.d5 a4 19.fxg4 axb3 20.Qxb3 b5 21.g5 Nh5 22.Qxb5 Ba6
23.Qc6 Qe7 24.Bf5 Rfd8 25.Nf3 Nf8 26.Qa4 Rdb8 27.Qc2 Bc8 28.Bxc8 Rxc8 29.Rdf1 g6
30.Nd2 Ng7 31.e4 Nh5 32.Rf3 Nd7 33.h4 Nf4 34.Nb1 Nb6 35.Rgf1 Ra4 36.Qb3 Rxc4+
37.Kd1 Qa7 38.Nd2 Ra4 39.Rxf4 exf4 40.Rxf4 Rd4 41.Bxd4 cxd4 42.Qb4 Qc7 43.Qxd4 Nd7
44.Ke2 Ne5 45.Kf2 Qc2 46.Kg3 Rc3+ 47.Nf3 Qc1 48.Qf2 Rxa3 49.Rf6 Rc3 50.Qe2 Qg1+
51.Qg2 Qe1+ 52.Kh2 Qxe4 53.Nxe5 Qxe5+ 54.Kh1 Qe1+  0-1

[Event "Zalaegerszeg"]
[Site "Zalaegerszeg"]
[Date "1993.??.??"]
[Round "1"]
[White "Schroter, Tamas"]
[Black "Csiszar, Csaba"]
[Result "1/2-1/2"]
[WhiteElo "2335"]
[BlackElo "2245"]

1.d4 Nf6 2.c4 e6 3.Nc3 Bb4 4.Qc2 O-O 5.Nf3 c5 6.dxc5 Na6 7.a3 Bxc3+ 8.Qxc3 Nxc5
9.Nd4 d5 10.f3 e5 11.cxd5 Qxd5 12.Nb5 Nb3 13.Nc7 Qd6 14.Nb5 Qd5  1/2-1/2